000 00354nam a2200121Ia 4500
008 220204s9999 xx 000 0 und d
082 _aNR:339.52
_bWTO.2;1
100 _aGeorge, K T
245 0 _aWTO and the natural rubber industry V.II. WTO and natural rubber sector in India
260 _aKottayam
_bRRII
_c2002
700 _aJoseph, Toms
942 _cBK
999 _c44007
_d44007